| 000 | 00740nam a2200217 i 4500 | ||
|---|---|---|---|
| 001 | 45402 | ||
| 003 | ES-MaACL | ||
| 005 | 20230906161219.0 | ||
| 007 | t| | ||
| 008 | 030325s1959 sp ||||1| spa d | ||
| 100 | 1 |
_aColumela, Lucio Junio Moderato. _939911 |
|
| 245 | 1 | 4 |
_aLos doce libros de agricultura / _cL. J. Moderato Columela ; traducción por Carlos J. Castro ; con unas notas prologales de Emiliano M. Aguilera. |
| 260 |
_aBarcelona : _b[s.n.], _c1959 ( _fGráf. Rafael Salvá) |
||
| 300 |
_a2 v. ; _c19 cm. |
||
| 490 | 1 | _aObras maestras | |
| 700 | 1 |
_aCastro, Carlos J. _936839 |
|
| 700 | 1 |
_aAguilera, Emiliano M. _918758 |
|
| 830 | 0 |
_aObras maestras _9181001 |
|
| 852 |
_aES-MaACL _jC-18019-20 _bR.45743 |
||
| 999 |
_c45402 _d45402 |
||